AAC Football Champions by Year - Statistics

General Stats
  • This quiz has been taken 16 times
  • The average score is 17 of 46
Answer Stats
Season Champion % Correct
2021 Cincinnati Bearcats
100%
2020 Cincinnati Bearcats
100%
2019 Memphis Tigers
91%
2014* Cincinnati Bearcats
73%
2015 Houston Cougars
73%
2016 Temple Owls
73%
2018 UCF Knights
64%
2017 UCF Knights
64%
2012* Cincinnati Bearcats
55%
2014* Houston Cougars
55%
2011* Cincinnati Bearcats
45%
2009 Cincinnati Bearcats
45%
2014* UCF Knights
45%
2013 UCF Knights
45%
2008 Cincinnati Bearcats
36%
2010* Connecticut Huskies
36%
2012* Louisville Cardinals
36%
2011* Louisville Cardinals
36%
2007* Connecticut Huskies
27%
2006 Louisville Cardinals
27%
2003* Miami Hurricanes
27%
2002 Miami Hurricanes
27%
2000** Miami Hurricanes
27%
1996* Miami Hurricanes
27%
1995* Miami Hurricanes
27%
1994 Miami Hurricanes
27%
2012* Rutgers Scarlet Knights
27%
2004* Boston College Eagles
18%
2001** Miami Hurricanes
18%
2010* Pittsburgh Panthers
18%
2004* Pittsburgh Panthers
18%
2012* Syracuse Orange
18%
2004* Syracuse Orange
18%
1998 Syracuse Orangemen
18%
1997 Syracuse Orangemen
18%
1996* Syracuse Orangemen
18%
1999 Virginia Tech Hokies
18%
1996* Virginia Tech Hokies
18%
1995* Virginia Tech Hokies
18%
2011* West Virginia Mountaineers
18%
2010* West Virginia Mountaineers
18%
2007* West Virginia Mountaineers
18%
2005 West Virginia Mountaineers
18%
2004* West Virginia Mountaineers
18%
2003* West Virginia Mountaineers
18%
1993 West Virginia Mountaineers
18%
No matching quizzes found
Score Distribution
Percent of People with Each Score
Percentile by Number Answered
Your Score History
You have not taken this quiz